000 00820nam a2200289Ia 4500
005 20260324120152.0
008 008 260324s9999 xx 000 0 eng d
020 _a9780429225697
037 _aEBOOK
040 _aCRL
040 _beng
040 _cCRL
041 _2eng
041 _aeng
084 _qCRL
100 _aJun Xia; Stephen P. Wilkinson; Chen Bing
_91157505
245 0 _aSustainable Buildings and Structures
245 0 _bProceedings of the 1st International Conference on Sustainable Buildings and Structures (Suzhou, P.R. China, 29 October - 1 November 2015)
260 _bTaylor and Francis
260 _c2015
365 _a
365 _b320
856 _uhttp://www.taylorfrancis.com/books/9780429225697
942 _cEBOOK
999 _c1748876
_d1748876